نشأة الفكر السياسي عند العرب : (Record no. 7858)
[ view plain ]
| 000 -الفاتح | |
|---|---|
| حقل البيانات ثابتة الطول | 00897nac a22001811u 4500 |
| 008 - عناصر البيانات ثابتة الطول - معلومات عامة | |
| حقل البيانات ثابتة الطول | 090318s2005 xxu||||| |||| 00| 0 ara d |
| 020 ## - الرقم الدولى المعيارى للكتب | |
| الرقم الدولى المعيارى للكتاب | 1592393853 |
| 082 ## - رقم تصنيف ديوى العشرى | |
| رقم التصنيف | 320.956 |
| رقم المادة | ك ب س |
| 100 1# - المدخل الرئيسى - إسم شخصى | |
| الإسم الشخصى | الكبسي ، محمد على |
| 9 (RLIN) | 20919 |
| 245 ## - بيان العنوان | |
| العنوان | نشأة الفكر السياسي عند العرب : |
| بقية العنوان | حفريات فى مسلمات الفكر السياسي / |
| بيان المسئوليه,etc | محمد على الكبسي |
| 260 ## - PUBLICATION, DISTRIBUTION, ETC. (IMPRINT) | |
| مكان الناشر او الموزع | دمشق : |
| اسم الناشر او الموزع | دار الفكر ، |
| تاريخ النشر أو التوزيع | 2005. |
| 300 ## - الوصف المادى | |
| التعداد | 365 ص ؛ |
| أبعاد الوعاء | 24 سم. |
| 504 ## - تبصرة ببليوجرافية | |
| تبصرة ببليوجرافية,الخ | يشتمل على إرجاعات ببليوجرافية وفهارس |
| 511 ## - | |
| -- | Catalogued by: Sara |
| 651 ## - المدخل الاضافى بالموضوع - اسم جغرافى | |
| 9 (RLIN) | 13700 |
| الاسم الجغرافي | العالم العربي |
| التقسيم الفرعي العام | الأحوال السياسية |
| 942 ## - عناصر المدخل الإضافي( كوها) | |
| Koha [default] item type | Book - Borrowing |
| سابقة رقم الطلب | 320.956 ك ب س |
| مصدر التصنيف او مخطط الترفيف | Dewey Decimal Classification |
| حالة التراجع | حالة الفقد | مصدر التصنيف او خطة الترفيف | حالة تلف | ليس للاعارة | المكان الدائم | المكان الحالي | موقع الترفيف | تاريخ الاكتساب | Source of acquisition | رقم الاستدعاء | الباركود | Date last seen | نوع الوعاء |
|---|---|---|---|---|---|---|---|---|---|---|---|---|---|
| Dewey Decimal Classification | Central Library | Central Library | First floor | 08/02/2010 | Purchase | 320.956 ك ب س | 000009674 | 15/07/2025 | Book - Borrowing |